|
|
|
|
| LEADER |
00946nam a2200229 i 4500 |
| 001 |
c000250947 |
| 003 |
CARM |
| 005 |
00000000000000.0 |
| 008 |
840313s1962 nyu 0 eng d |
| 019 |
1 |
|
|a 9497874
|z 43564534
|5 LACONCORD2021
|
| 035 |
|
|
|a (OCoLC)961209
|5 LACONCORD2021
|
| 082 |
0 |
4 |
|a 378.111
|
| 100 |
1 |
|
|a Dodds, Harold W.
|q (Harold Willis),
|d 1889-1980.
|
| 245 |
1 |
4 |
|a The academic president :
|b educator or caretaker! /
|c With the collaboration of Felix C. Robb [and] R. Robb Taylor.
|
| 260 |
|
|
|a New York :
|b McGraw-Hill,
|c 1962.
|
| 300 |
|
|
|a 294 p. :
|b 22 cm.
|
| 490 |
1 |
|
|a The Carnegie series in American education
|
| 650 |
|
0 |
|a College presidents.
|
| 830 |
|
0 |
|a Carnegie series in American education.
|
| 852 |
8 |
|
|b CARM
|h A1:AP03B0
|i B07195
|p 0368266
|f BK
|
| 999 |
f |
f |
|i 915d8d76-0251-5956-af9d-e29020ab43c2
|s fd946945-f349-5abb-869f-dcc79e26d8b8
|
| 952 |
f |
f |
|p Can circulate
|a CAVAL
|b CAVAL
|c CAVAL
|d CARM 1 Store
|e B07195
|f A1:AP03B0
|h Other scheme
|i book
|m 0368266
|